000 00702nam a2200265Ia 4500
005 20260302115730.0
008 008 260114s9999 xx 000 0 eng d
020 _a9781509965502
037 _aTextbook
040 _aCRL
040 _beng
040 _cCRL
041 _2eng
041 _aeng
084 _qCRL
100 _aAdrian Mak, Ching Him Ho and Anselmo Reyes
_91122489
245 0 _aPrivacy and Personal Data Protection Law in Asia
260 _bBloomsbury
260 _bHart Publishing
260 _c2024
650 _aLaw
856 _uhttps://doi.org/10.5040/9781509965502?locatt=label:secondary_bloomsburyCollections
942 _cEBOOK
999 _c1687276
_d1687276